00768nam a2200229Ia 4500003000400000005001700004008004100021040001700062082002200079100002100101245008300122246003300205250001200238260002500250300003100275500004000306650002800346700001800374942000900392952012200401999001500523IIN20250325130316.0250325s9999 xx adc 001 0 eng d aIINbEnglish a611 bCHA1 aSontakke, Yogesh1 aWorkbook of Human Anatomy (Vol.2)bLower Limb Abdomen and PelviscBD Chaurasia aBD Chaurasia's Human Anatomy a10th ed bCBSaNew Delhic2025 ax, 102 p. / V.2bcol. ill. a V.2: Lower Limb Abdomen and Pelvis1 aAnatomy xHuman Anatomy aChaurasia, BD cBOOK 00102ddc4051708PURSaIINbIINcGENd2025-03-11l0o611 CHAp1810r2025-03-25 12:56:28w2025-03-25yBOOK c1698d1698